Revolución tiene nombres de mujer: mujeres detenidas desaparecidas y ejecutada de José Domingo Cañas, el cuartel Ollagüe de la DINA

Una investigación histórica sobre las mujeres detenidas desaparecidas y ejecutadas políticas de José Domingo Cañas, así se presenta "Revolución tiene nombre de mujer: Mujeres detenidas desaparecidas y ejecutada de José Domingo Cañas, el cuartel Ollagüe de la DINA" de Sady Arenas Uriarte. El libro se...

Full description

Bibliographic Details
Main Author: Arenas Uriarte, Sady
Format: Libro
Language:Spanish
Published: Santiago, Chile: LOM, 2018.
Subjects:
Online Access:

MARC

LEADER 00000cam a22000007a 4500
003 UAHC
005 20190731064553.0
008 180823s2018 cl |||| |||| 00| 0 spa d
952 |0 0  |1 0  |2 ddc  |4 0  |6 364_150983000000000_ARE  |7 0  |8 COMP  |9 90476  |a BC  |b BC  |c General  |d 2018-08-23  |e Donación  |g 6000.00  |l 0  |o 364.150983 ARE  |p 1443131  |r 2026-01-13 00:00:00  |t c.4  |v 6000.00  |w 2018-08-23  |y BK  |B EGEN 
952 |0 0  |1 0  |2 ddc  |4 0  |6 364_150983000000000_ARE  |7 0  |8 COMP  |9 90499  |a BC  |b BC  |c General  |d 2018-08-23  |e Donación  |g 6000.00  |l 0  |o 364.150983 ARE  |p 1443128  |r 2026-01-13 00:00:00  |t c.1  |v 6000.00  |w 2018-08-23  |y BK  |B EGEN 
952 |0 0  |1 0  |2 ddc  |4 0  |6 364_150983000000000_ARE  |7 0  |8 COMP  |9 90500  |a BC  |b BC  |c General  |d 2018-08-23  |e Donación  |g 6000.00  |l 0  |o 364.150983 ARE  |p 1443129  |r 2026-01-13 00:00:00  |t c.2  |v 6000.00  |w 2018-08-23  |y BK  |B EGEN 
952 |0 0  |1 0  |2 ddc  |4 0  |6 364_150983000000000_ARE  |7 0  |8 COMP  |9 90501  |a BC  |b BC  |c General  |d 2018-08-23  |e Donación  |g 6000.00  |l 0  |o 364.150983 ARE  |p 1443130  |r 2026-01-13 00:00:00  |t c.3  |v 6000.00  |w 2018-08-23  |y BK  |B EGEN 
999 |c 51036  |d 51036 
020 |a 9789563935387 
035 |a CENTRAL 
040 |a UAHC_CL  |c UAHC_CL  |d UAHC_CL 
082 |2 21  |b A681  |a 364.150983 
100 |9 4564  |a Arenas Uriarte, Sady 
245 |a Revolución tiene nombres de mujer:  |b mujeres detenidas desaparecidas y ejecutada de José Domingo Cañas, el cuartel Ollagüe de la DINA  |c Sady Arenas Uriarte. 
260 |a Santiago, Chile:  |b LOM,  |c 2018. 
300 |a 288 p. 
520 |a Una investigación histórica sobre las mujeres detenidas desaparecidas y ejecutadas políticas de José Domingo Cañas, así se presenta "Revolución tiene nombre de mujer: Mujeres detenidas desaparecidas y ejecutada de José Domingo Cañas, el cuartel Ollagüe de la DINA" de Sady Arenas Uriarte. El libro se divide en tres partes. La primera aborda el contexto histórico, el golpe de Estado, la represión de la dictadura y en ese marco la creación del Cuartel Ollagüe, actual sitio de memoria en José Domingo Cañas. La segunda sección trata sobre la violencia contra las mujeres en manos de los aparatos represivos de la dictadura, la historia de cada una de las mujeres y las hijas e hijos de las detenidas desaparecidas. Finalmente, la tercera parte del libro presenta los montajes comunicacionales y periodísticos de la dictadura y el estado actual de los procesos judiciales de cada una de las mujeres detenidas desaparecidas y ejecutadas políticas de José Domingo Cañas. 
650 0 |9 4566  |a Detenidos desaparecidos  |z Chile  |y 1973-1990  |v Estudio de casos 
650 0 |9 3099  |a Violencia política  |z Chile  |y 1973- 
650 0 |9 4569  |a Sitios de tortura  |z Chile 
650 0 |9 4568  |a Delitos contra las mujeres  |z Chile 
650 0 |a Derechos humanos  |z Chile  |y 1973-  |9 71 
942 |2 ddc  |c BK